| 000 | 00530nam a2200193Ia 4500 | ||
|---|---|---|---|
| 999 |
_c32568 _d32568 |
||
| 003 | OSt | ||
| 005 | 20200729115323.0 | ||
| 008 | 190216s9999||||xx |||||||||||||| ||und|| | ||
| 020 | _a9788182837058 | ||
| 040 | _coclc | ||
| 082 |
_a515.9 _bVAS/C |
||
| 100 |
_aVasishtha, A R _93840 |
||
| 245 | 0 |
_aComplex Analysis / _cA R Vasishtha |
|
| 250 | _a19th Ed. | ||
| 260 |
_bKrishna Prakashan Media, _c2015. _aMeerut: |
||
| 300 | _a652p | ||
| 650 | _aMathematics | ||
| 942 |
_cBK _2ddc _h515.9 _iVAS/C _k515.9 _mVAS/C |
||